Statistics for European Countries by Endonyms

Click here to take the quiz!

General Stats

  • This quiz has been taken 46 times
  • The average score is 29 of 45

Answer Stats

HintAnswer% Correct
AndorraAndorra
95%
United KingdomUnited Kingdom
93%
GermanyDeutschland
91%
IrelandÉire/Ireland
91%
ItalyItalia
91%
MaltaMalta
91%
SpainEspaña/Espanya/Espainia/Espanha
89%
MonacoMonaco/Múnegu
89%
FranceFrance
86%
KosovoKosova/Kosovo
86%
MoldovaMoldova
86%
FinlandSuomi/Finland
86%
BelgiumBelgië/Belgique/Belgien
84%
AustriaÖsterreich
84%
RomaniaRomânia
84%
LuxembourgLëtzebuerg/Luxemburg/Luxembourg
82%
NetherlandsNederland/Nederlân
82%
PortugalPortugal
80%
San MarinoSan Marino
77%
LiechtensteinLiechtenstein
75%
IcelandÍsland
73%
BelarusBielaruś/Belarus
70%
GreeceHellas/Ellada
70%
NorwayNorge/Noreg/Norga/Vuodna/Nöörje
70%
PolandPolska
70%
SwitzerlandSchweiz/Suisse/Svizzera/Svizra
68%
SwedenSverige
66%
DenmarkDanmark
64%
EstoniaEesti
64%
RussiaRossiya/Rossiâ
59%
CroatiaHrvatska
57%
MontenegroCrna Gora
48%
SerbiaSrbija
41%
AlbaniaShqipëria
39%
Czech RepublicČeská republika/Česko
36%
HungaryMagyarország
34%
SloveniaSlovenija
34%
SlovakiaSlovensko
34%
LatviaLatvija
25%
LithuaniaLietuva
25%
BulgariaBălgariya/Bălgarija
20%
Vatican CityCivitas Vaticana/Città del Vaticano
20%
UkraineUkrajina
20%
Bosnia and HerzegovinaBosna i Hercegovina
18%
North MacedoniaSeverna Makedonija/Maqedonia e Veriut
14%

Score Distribution

Percentile by Number Answered

Percent of People with Each Score

Your Score History

You have not taken this quiz